Представление документа в формате RUSMARC

ПолеНазваниеЗначение
  Тип записи i
  Библиографический уровень m
001 Контрольный номер RU/IS/BASE/395745644
005 Дата корректировки 20201206204832.5
010 Индекс ISBN __
d Цена 163-43
101 Язык документа 0_
a Язык текста rus
200 Заглавие и сведения об ответственности 1_
a Заглавие Туча ; 5 ложек эликсира ; Чародеи
e Сведения, относящиеся к заглавию [повести : аудиокнига]
f Первые сведения об ответственности братья Стругацкие ; [звукорежиссер Полина Станчева] ; читает Владимир Левашов
b Общее обозначение материала Звукозапись
210 Выходные данные __
a Место издания М.
c Издательство АРДИС
d Дата издания 2011
215 Физическое описание __
a Объем 1 электрон. опт. диск (Audio CD) (7 ч. 01 мин.)
300 Общие примечания __
a Общие примечания mp3 ; 192 Kbps ; 16 bit ; 44.1 kHz ; stereo. Изд. в фут.
323 Примечание о главных создателях, исполнителях, участниках __
a Примечание о главных создателях, исполнителях, участниках Левашев, В. (читает)
327 Примечание о содержании __
a Примечание о содержании 5 ложек эликсира
327 Примечание о содержании __
a Примечание о содержании Чародеи
330 Аннотация __
a Аннотация На диске представлены повести братьев Стругацких «Туча», «Пять ложек эликсира» и «Чародеи», специально написанные для кино.
333 Примечание о целевом назначении __
a Примечание о целевом назначении 12+. Для детей старше 12 лет
517 Другие варианты заглавия __
a Другие варианты заглавия 5 ложек эликсира
517 Другие варианты заглавия __
a Другие варианты заглавия Пять ложек эликсира
517 Другие варианты заглавия __
a Другие варианты заглавия Чародеи
606 Тематические рубрики __
a Основная рубрика Художественная литература
606 Тематические рубрики __
a Основная рубрика Русская литература XX в. (произведения)
610 Ключевые слова __
a Ключевые слова советская литература; повести; фантастика; фантастические повести; сказки; сказки-притчи
686 Индексы других классификаций __
a Классификационный индекс 84(2Рос=Рус)6-445я04
700 Автор _1
a Фамилия Стругацкий
b Имя А. Н.
g Полное личное имя Аркадий Натанович
4 Код отношения 070
701 Альтернативная интеллектуальная ответственность _1
a Фамилия Стругацкий
b Имя Б. Н.
g Полное личное имя Борис Натанович
4 Код отношения 070
702 Вторичная интеллектуальная ответственность _1
a Фамилия Станчева
b Имя П.
4 Код отношения Звукорежиссер
4 Код отношения 570
801 Источник записи _0
a Страна RU
b Организация Муниципальное бюджетное учреждение культуры "Централизованная библиотечная система" г. Сургут (Центральная городская библиотека им. А. С. Пушкина)
g Правила каталогизации КиК/Лукашук
801 Источник записи _1
a Страна RU
b Организация Муниципальное бюджетное учреждение культуры "Централизованная библиотечная система" г. Сургут (Центральная городская библиотека им. А. С. Пушкина)
g Правила каталогизации КиК/Лукашук
852 Данные о местонахождении __
j Шифр хранения 84(2Рос=Рус)6-445я04
i Авторский знак С 87
901 Тип документа __
t Тип документа 0
903 Характеристики (МАРС) __
a Дата передачи 20120716
969 Тип издания __
a Тип издания аудиокнига
990 Данные о заказе (DOS) __
j Количество экземпляров (DOS) 4
h N записи в КСУ для Б/У (DOS) 201207